000 01006nam a2200301 4500
003 OSt
005 20260530113904.0
008 260507b2012 mx |||| |||| 001 0 spa d
020 _a9786079598419
040 _aICI
_bspa
_cICI
041 _aspa
050 _aHV7431
_bC439
245 1 0 _a100 Tácticas Creativas para la Seguridad Ciudadana
264 1 _aMéxico :
_bCentro Nacional de Prevención del Delito y Participación Ciudadana,
_c2012
300 _a31 páginas
336 _atexto
_2rdacontent
337 _asin medio
_2rdamedia
338 _avolumen
_2rdacarrier
500 _aManual de estrategias y acciones para fortalecer la seguridad ciudadana
650 0 _aSeguridad ciudadana
_932613
650 0 _aPrevención del delito
_932614
650 0 _aSeguridad pública
_932615
650 0 _aParticipación comunitaria
_932616
650 0 _aPolítica criminal
_932617
655 7 _2local
_aGuías prácticas
_932618
700 _aCornejo, Paulina
_eCoordinador
_932619
942 _2lcc
_cBK
_n1
999 _c11887
_d11887